Costa Rica's export strategy /
Se estudian las estrategias de exportación de Costa Rica, los cambios en el ambiente económico y las políticas regionales las cuales han sido significativas para el desarrollo de América Central. Ante esto nuestro país ha adoptado políticas de globalización de la producción y el desarrollo sostenibl...
Guardado en:
| Hovedforfatter: | |
|---|---|
| Format: | Texto |
| Fag: | |
| Tags: |
Tilføj Tag
Ingen Tags, Vær først til at tagge denne postø!
|
MARC
| LEADER | 00000 a a2200000 04500 | ||
|---|---|---|---|
| 001 | 8297 | ||
| 003 | |||
| 040 | |||
| 100 | |a Clark, Mary A | ||
| 245 | |a Costa Rica's export strategy / |c Mary A Clark | ||
| 520 | |a Se estudian las estrategias de exportación de Costa Rica, los cambios en el ambiente económico y las políticas regionales las cuales han sido significativas para el desarrollo de América Central. Ante esto nuestro país ha adoptado políticas de globalización de la producción y el desarrollo sostenible. HB/hmbq | ||
| 650 | |a EXPORTACIONES | ||
| 650 | |a DESARROLLO ECONOMICO Y SOCIAL | ||
| 650 | |a DESARROLLO SUSTENTABLE | ||
| 773 | |g volumen 4, número 3; páginas 10-13 | ||
| 999 | |c 37716 |d 37716 | ||
